000 00625nam a22002057a 4500
003 0
005 20230830133344.0
008 230830b xxu||||| |||| 00| 0 eng d
020 _a978-621-406-338-3
050 _aHB 615
_b.M37 2022
100 _aMarcelo, Jefferson
245 _aEntrepreneurship in tourism and hospitality
_cJefferson S. Marcelo
260 _aManila
_bMindshapers Co., Inc.
_cc2022.
300 _aviii, 163 pages ;
_c26 cm.
500 _aEntrepreneurship.
504 _aIncludes bibliographical references.
650 _aEntrepreneurship.
650 _aHospitality industry.
942 _2lcc
_cBK
999 _c365227
_d365227